000
00324nam a2200121Ia 4500
008
220216s9999 xx 000 0 und d
245
0
_a
Rubberized bitumen on a steep hill in Pennsylvania
260
_b
Rubber Developments
_c
1957
300
_a
124-126
650
_a
Pennsylvania
650
_a
Rubberized bitumin
942
_c
JS
999
_c
68276
_d
68276